Memorias

Guardado en:
Detalles Bibliográficos
Autor principal: López Rodó, Laureano (autor)
Formato: Libro
Lenguaje:español
Publicado: Barcelona Plaza & Janés 1990
Materias:
Etiquetas: Agregar Etiqueta
Sin Etiquetas, Sea el primero en etiquetar este registro!

MARC

LEADER 00000nam a2200000 a 4500
001 UCR4340
003 CL-VaPUC
008 980307e19900000SP |||||||||||||||||spa|d
082 0 4 |a 320.092  |b LOP  |2 21 
100 |a López Rodó, Laureano  |e autor  |9 404273 
245 1 0 |a Memorias 
300 |a 2 v 
942 |c BK 
945 |d 19980307 00:00:00  |a aolguin 
260 |a Barcelona  |b Plaza & Janés  |c 1990 
650 7 |a FILOSOFIA POLITICA  |2 CL-VaPUC  |9 404274 
650 0 |a Filosofía del derecho   |9 255050 
650 0 |a Biografías  |9 255210 
650 0 |a Régimen jurídico  |9 391149 
650 0 |a Administración política  |9 404275 
650 0 |a Reformas constitucionales   |9 255169 
651 0 |a España  |9 254926 
583 |a last modification  |c 20160913 03:37:31  |k Rodrigo Vera 
999 |c 267283  |d 267281 
952 |0 0  |1 0  |4 0  |6 320_092000000000000_LOP_1990  |7 0  |8 P  |9 299548  |a BIBDER  |b BIBDER  |d 2019-11-20  |h v.1  |i 1952811  |o 320.092 LOP 1990  |p 1952811  |r 2023-01-25  |w 2019-11-20  |y BK  |k DER 
952 |0 0  |1 0  |4 0  |6 320_092000000000000_LOP_1990  |7 0  |8 P  |9 299549  |a BIBDER  |b BIBDER  |d 2019-11-20  |h v.2  |i 1952765  |o 320.092 LOP 1990  |p 1952765  |r 2023-01-25  |w 2019-11-20  |y BK  |k DER